000 00301nam a22001337a 4500
008 170803b xxu||||| |||| 00| 0 eng d
020 _a9783540567837
041 _aeng
080 _a004
100 _a32
101 _aSHKI
245 _aMENSCH COMPUTER KOMMUNIKATION
_cBOCKER, H.D
942 _2udc
_cBK
999 _c22598
_d22598